[Event "SR 2. liga A 2005/2006"]
[Site "?"]
[Date "2005.11.27"]
[Round "22.7"]
[White "Kasanicky, Robert"]
[Black "Kebis, Milos"]
[Result "0-1"]
[WhiteElo "1980"]
[BlackElo "2054"]
[PlyCount "92"]
[EventDate "2005.??.??"]

1. d4 Nf6 2. c4 g6 3. Nc3 d5 4. Nf3 Bg7 5. Bg5 dxc4 6. e3 Nbd7 7. Bxc4 O-O 8.
O-O a6 9. a4 c5 10. Bb3 cxd4 11. exd4 Qa5 12. Qe2 Qb4 13. Ba2 e6 14. Rad1 b5
15. Ne5 Bb7 16. Rfe1 bxa4 17. Nxf7 Rxf7 18. Bxe6 Re8 19. Qd2 Rxe6 20. Rxe6 Nf8
21. Ree1 Qd6 22. Bxf6 Qxf6 23. d5 a3 24. Na4 axb2 25. Rb1 Bc8 26. Rxb2 Bd7 27.
Ra2 Bb5 28. Nc5 Qb6 29. Ne6 Bf6 30. Qe3 Qd6 31. Nxf8 Qxf8 32. Qe6 Kg7 33. Rd1
Qc5 34. d6 Bc4 35. Rc2 Qxf2+ 36. Rxf2 Bxe6 37. Rfd2 Rd7 38. Kf2 Kf7 39. Rd3 Bc4
40. Rh3 h5 41. Rc1 Bd4+ 42. Ke1 Bb5 43. Rc7 Bb6 44. Rxd7+ Bxd7 45. Ra3 a5 46.
Rb3 Bc5 0-1

[Event "SR 2. liga A 2005/2006"]
[Site "?"]
[Date "2005.11.27"]
[Round "22.8"]
[White "Mandak, Miroslav"]
[Black "Sefcik, Marek"]
[Result "1-0"]
[WhiteElo "2069"]
[BlackElo "1971"]
[PlyCount "93"]
[EventDate "2005.??.??"]

1. d4 Nc6 2. Nf3 d6 3. e4 Nf6 4. Nc3 g6 5. Bc4 Bg7 6. O-O O-O 7. Qe2 Bg4 8. Qe3
Nd7 9. Ne2 Bxf3 10. gxf3 e5 11. c3 Nb6 12. Bb3 exd4 13. cxd4 d5 14. e5 Qd7 15.
f4 Ne7 16. Bd2 a5 17. Bc3 Nf5 18. Qf3 Nh4 19. Qg3 Nf5 20. Qd3 Nc8 21. Bc2 Nce7
22. Kh1 b6 23. b4 axb4 24. Bxb4 Rfc8 25. Bxe7 Qxe7 26. Ng3 Nxg3+ 27. hxg3 Ra3
28. Bb3 Qd7 29. Kg2 c5 30. dxc5 Rxc5 31. Rac1 d4 32. Bxf7+ Kxf7 33. Qxa3 Qc6+
34. Kg1 Bf8 35. Qb3+ Kg7 36. Qb2 Rc3 37. Rxc3 dxc3 38. Qb3 Bc5 39. Qc2 Qf3 40.
Kh2 b5 41. Qd1 Qc6 42. Qd3 b4 43. Qc4 Qb6 44. Kg2 h5 45. Rd1 Qc6+ 46. f3 Qc7
47. Rd5 1-0

[Event "SR 2. liga A 2005/2006"]
[Site "?"]
[Date "2005.11.27"]
[Round "23.1"]
[White "Drtina, Milan"]
[Black "Pacher, Milan"]
[Result "1-0"]
[WhiteElo "2259"]
[BlackElo "2201"]
[PlyCount "139"]
[EventDate "2005.??.??"]

1. e4 e6 2. d4 d5 3. Nd2 Nf6 4. Bd3 c5 5. e5 Nfd7 6. c3 Nc6 7. Ne2 cxd4 8. cxd4
f6 9. exf6 Nxf6 10. O-O Bd6 11. f4 O-O 12. Nf3 Qb6 13. Kh1 Bd7 14. a3 Na5 15.
b4 Nc4 16. Ne5 Rac8 17. Ng1 Be8 18. Ngf3 Bxe5 19. fxe5 Ne4 20. Bxc4 Rxc4 21.
Be3 Rc3 22. Bg1 Bh5 23. Ra2 Qc7 24. Qe2 Ng5 25. Nxg5 Rxf1 26. Qxf1 Qe7 27. Qe1
Rd3 28. Qh4 Bg6 29. Qf4 h6 30. Nf3 Kh7 31. Qc1 Be4 32. Ne1 Rb3 33. Re2 Qd7 34.
Re3 Rb1 35. Qd2 Qb5 36. Qe2 Qc6 37. Qd2 Qc4 38. Qf2 Qc1 39. h3 Rb2 40. Re2 Rb3
41. Re3 Qxa3 42. Rxb3 Qxb3 43. Qd2 Qxh3+ 44. Bh2 Qb3 45. Bf4 b6 46. Kg1 Qb1 47.
Qc3 a6 48. Bd2 Qa2 49. Kf2 a5 50. bxa5 bxa5 51. Qxa5 Qxa5 52. Bxa5 Kg6 53. Bb4
Kf7 54. Nf3 Bf5 55. Nh2 Be4 56. g3 Bf5 57. Nf1 Be4 58. Ne3 Bd3 59. Ke1 Be4 60.
Kd2 Kg6 61. Be7 Kf7 62. Bd8 Ke8 63. Ba5 Kf7 64. Kc3 Bg6 65. Kb4 Be4 66. Kc5 h5
67. Kd6 g5 68. Bd8 g4 69. Bf6 Bd3 70. Ng2 1-0

[Event "SR 2. liga A 2005/2006"]
[Site "?"]
[Date "2005.11.27"]
[Round "23.2"]
[White "Sturc, Gustav"]
[Black "Szitkey, Milan"]
[Result "1/2-1/2"]
[WhiteElo "2103"]
[BlackElo "2220"]
[PlyCount "33"]
[EventDate "2005.??.??"]

1. e4 e6 2. d4 d5 3. Nc3 Bb4 4. Bd2 dxe4 5. Qg4 Nf6 6. Qxg7 Rg8 7. Qh6 Nc6 8.
O-O-O Rg6 9. Qh4 Bxc3 10. Bxc3 Qd5 11. b3 Bd7 12. Nh3 O-O-O 13. Nf4 Qg5 14.
Qxg5 Rxg5 15. h4 Rf5 16. g3 Nd5 17. Nxd5 1/2-1/2

[Event "SR 2. liga A 2005/2006"]
[Site "?"]
[Date "2005.11.27"]
[Round "23.3"]
[White "Minich, Peter"]
[Black "Eged, Igor"]
[Result "1-0"]
[WhiteElo "2197"]
[BlackElo "2107"]
[PlyCount "63"]
[EventDate "2005.??.??"]

1. e4 c6 2. f4 e5 3. d3 d6 4. Nf3 Bg4 5. Be2 exf4 6. Bxf4 Nf6 7. Nbd2 Be7 8.
O-O O-O 9. Kh1 h6 10. Nd4 Bc8 11. Qe1 Nh7 12. Qg3 Bh4 13. Qe3 Bf6 14. Nc4 Bg5
15. Qg3 Bxf4 16. Qxf4 d5 17. Nd6 dxe4 18. dxe4 c5 19. Nb3 Qc7 20. Bc4 Ng5 21.
e5 Be6 22. h4 Bxc4 23. Qxc4 Ne6 24. Nxf7 Qe7 25. Nd6 Nd7 26. Qe4 Nd4 27. Nxd4
cxd4 28. Qd5+ Kh7 29. Nf5 Qxe5 30. Qxd7 Rad8 31. Qe7 Rxf5 32. Qxd8 1-0

[Event "SR 2. liga A 2005/2006"]
[Site "?"]
[Date "2005.11.27"]
[Round "23.5"]
[White "Doucha, Ludvik"]
[Black "Cambel, Vladimir"]
[Result "1-0"]
[WhiteElo "2123"]
[BlackElo "2080"]
[PlyCount "89"]
[EventDate "2005.??.??"]

1. e4 g6 2. d4 Bg7 3. Be3 c5 4. c3 b6 5. dxc5 bxc5 6. Bxc5 Nc6 7. Nd2 Rb8 8.
Qc2 Nf6 9. Ngf3 d6 10. Ba3 O-O 11. Be2 d5 12. O-O Qc7 13. exd5 Nxd5 14. Qe4 Nf4
15. Rfe1 Bf5 16. Qc4 Be6 17. Qc5 Nxe2+ 18. Rxe2 Qd7 19. Qe3 Rfd8 20. Ne4 Qc7
21. Nc5 Bc4 22. Ree1 Qc8 23. b3 Bd5 24. Rad1 Qg4 25. h3 Qh5 26. Ne4 Qf5 27. Ng3
Qc2 28. c4 Bxf3 29. Rxd8+ Rxd8 30. Qxf3 Nd4 31. Qe4 Qxa2 32. Qxe7 Rf8 33. Bd6
Qxb3 34. c5 a5 35. Qc7 Qb5 36. Bxf8 Bxf8 37. Ne4 Ne6 38. Qb6 Qb4 39. Qxb4 axb4
40. c6 b3 41. Rb1 f5 42. Nf6+ Kf7 43. Nd5 Bd6 44. Rxb3 Ke8 45. Rb7 1-0

[Event "SR 2. liga A 2005/2006"]
[Site "?"]
[Date "2005.11.27"]
[Round "23.6"]
[White "Isa, Vlastimil"]
[Black "Puchart, Vladimir"]
[Result "1/2-1/2"]
[WhiteElo "1974"]
[BlackElo "2104"]
[PlyCount "34"]
[EventDate "2005.??.??"]

1. e4 c5 2. Nf3 d6 3. d4 cxd4 4. Nxd4 Nf6 5. Nc3 a6 6. Be2 e5 7. Nf3 Qc7 8. Bg5
Nbd7 9. a4 b6 10. Bxf6 Nxf6 11. Qd3 Bb7 12. Nd2 Rc8 13. Rd1 Be7 14. Nc4 O-O 15.
Ne3 Rfd8 16. O-O Bf8 17. Rd2 Qc5 1/2-1/2

[Event "SR 2. liga A 2005/2006"]
[Site "?"]
[Date "2005.11.27"]
[Round "23.7"]
[White "Mosny, Jaroslav"]
[Black "Zdrazil, Bohumir"]
[Result "1/2-1/2"]
[WhiteElo "2066"]
[BlackElo "1984"]
[PlyCount "99"]
[EventDate "2005.??.??"]

1. d4 d5 2. Nf3 e6 3. c4 c6 4. cxd5 exd5 5. g3 Nf6 6. Bg2 Bd6 7. O-O O-O 8. Nc3
Re8 9. Qc2 Bd7 10. Bg5 h6 11. Bxf6 Qxf6 12. e4 dxe4 13. Nxe4 Qg6 14. Nh4 Qh7
15. Rac1 Be7 16. Nf3 Bf5 17. Ne5 Be6 18. Rfe1 Na6 19. a3 Rad8 20. Nc5 Qxc2 21.
Rxc2 Nxc5 22. dxc5 Bf6 23. Rce2 Bb3 24. Bh3 Rxe5 25. Rxe5 Bxe5 26. Rxe5 Rd1+
27. Kg2 Bd5+ 28. f3 Rd2+ 29. Kf1 Rxb2 30. Re8+ Kh7 31. Bf5+ g6 32. Be4 Bxe4 33.
Rxe4 Kg7 34. Re7 Kf6 35. Rc7 Ke6 36. a4 a5 37. h4 h5 38. Ke1 Rc2 39. Rxb7 Rxc5
40. Ra7 Rd5 41. Ke2 f6 42. Ke3 g5 43. Ra6 Kd6 44. Ra7 gxh4 45. gxh4 Ke6 46. Ra6
Kd6 47. Ra7 Re5+ 48. Kd4 Rf5 49. Ke4 Re5+ 50. Kd4 1/2-1/2

[Event "SR 2. liga A 2005/2006"]
[Site "?"]
[Date "2005.11.27"]
[Round "23.8"]
[White "Hricak, Vasil"]
[Black "Vyboch, Jozef"]
[Result "1-0"]
[WhiteElo "2032"]
[BlackElo "2010"]
[PlyCount "81"]
[EventDate "2005.??.??"]

1. e4 c5 2. Nf3 Nc6 3. d4 cxd4 4. Nxd4 Nf6 5. Nc3 e5 6. Ndb5 d6 7. Bg5 a6 8.
Na3 b5 9. Bxf6 gxf6 10. Nd5 f5 11. Bxb5 axb5 12. Nxb5 Ra7 13. Nxa7 Nxa7 14. c3
Bb7 15. Qa4+ Nc6 16. Qb5 Ba8 17. Qa6 Be7 18. Qxa8 Qxa8 19. Nc7+ Kd7 20. Nxa8
Rxa8 21. exf5 Rg8 22. Rg1 e4 23. a4 Ne5 24. Ke2 d5 25. b4 Nd3 26. Rad1 Rc8 27.
Rxd3 exd3+ 28. Kxd3 Rc4 29. g3 Bf6 30. Rc1 Kc6 31. f3 h5 32. Rc2 Be5 33. Rc1
Bd6 34. Re1 h4 35. f4 Kd7 36. a5 Be7 37. Rb1 Bf6 38. Rb3 Bd8 39. a6 Kc6 40. Ra3
Bb6 41. a7 1-0

[Event "SR 2. liga A 2005/2006"]
[Site "?"]
[Date "2005.11.27"]
[Round "24.1"]
[White "Kozinka, Roman"]
[Black "Polacik, Igor"]
[Result "1/2-1/2"]
[WhiteElo "2037"]
[BlackElo "2056"]
[PlyCount "37"]
[EventDate "2005.??.??"]

1. e4 e5 2. Nf3 Nc6 3. Bb5 a6 4. Bxc6 dxc6 5. O-O Bg4 6. h3 h5 7. d3 Qf6 8. Be3
Ne7 9. Nbd2 Bxf3 10. Nxf3 Ng6 11. d4 Bd6 12. Bg5 Qe6 13. dxe5 Nxe5 14. Bh4
Nxf3+ 15. Qxf3 f6 16. Bg3 O-O-O 17. Rfe1 g5 18. Qe3 Kb8 19. e5 1/2-1/2

[Event "SR 2. liga A 2005/2006"]
[Site "?"]
[Date "2005.11.27"]
[Round "24.2"]
[White "Slovik, Vojtech"]
[Black "Puskas, Miroslav"]
[Result "1/2-1/2"]
[WhiteElo "2041"]
[BlackElo "2072"]
[PlyCount "26"]
[EventDate "2005.??.??"]

1. e4 e5 2. Nf3 Nc6 3. Bb5 a6 4. Bxc6 dxc6 5. Nc3 Bg4 6. h3 Bxf3 7. Qxf3 Qf6 8.
Qg3 Bd6 9. d3 h6 10. Rf1 g5 11. Rh1 Qe6 12. Bd2 Ne7 13. O-O-O O-O-O 1/2-1/2

[Event "SR 2. liga A 2005/2006"]
[Site "?"]
[Date "2005.11.27"]
[Round "24.3"]
[White "Bukovsky, Milan"]
[Black "Magyar, Frantisek"]
[Result "1/2-1/2"]
[WhiteElo "2030"]
[BlackElo "1990"]
[PlyCount "58"]
[EventDate "2005.??.??"]

1. c4 Nf6 2. Nc3 g6 3. e4 d6 4. d4 Bg7 5. f3 O-O 6. Be3 e5 7. Nge2 Nc6 8. Qd2
exd4 9. Nxd4 Nxd4 10. Bxd4 Bd7 11. Be2 a6 12. O-O-O Bc6 13. Nd5 Re8 14. h4 Bxd5
15. cxd5 Nh5 16. Bxg7 Kxg7 17. Qd4+ Qf6 18. g4 Ng3 19. Rh2 Qxd4 20. Rxd4 Nxe2+
21. Rxe2 Rad8 22. Rc2 Rd7 23. Rb4 b6 24. Ra4 a5 25. Rac4 Ree7 26. Kd2 f6 27.
Kd3 h6 28. Re2 Kf7 29. Rd4 Ke8 1/2-1/2

[Event "SR 2. liga A 2005/2006"]
[Site "?"]
[Date "2005.11.27"]
[Round "24.4"]
[White "Vrba, Michal"]
[Black "Hagara, Vladimir"]
[Result "1/2-1/2"]
[WhiteElo "1968"]
[BlackElo "1981"]
[PlyCount "36"]
[EventDate "2005.??.??"]

1. e4 e6 2. d4 d5 3. Nc3 dxe4 4. Nxe4 Nd7 5. Nf3 Ngf6 6. Nxf6+ Nxf6 7. Bg5 Be7
8. Ne5 O-O 9. Bd3 c5 10. dxc5 Qa5+ 11. Qd2 Qxc5 12. Nf3 Rd8 13. Be3 Qc7 14. Bf4
Bd6 15. Bxd6 Qxd6 16. O-O Qc7 17. Qe2 Bd7 18. Rfd1 Bc6 1/2-1/2

[Event "SR 2. liga A 2005/2006"]
[Site "?"]
[Date "2005.11.27"]
[Round "24.5"]
[White "Klanica, Anton"]
[Black "Lutter, Ladislav"]
[Result "1-0"]
[WhiteElo "1917"]
[BlackElo "1961"]
[PlyCount "110"]
[EventDate "2005.??.??"]

1. e4 d6 2. d4 Nf6 3. Nc3 g6 4. Nf3 Bg7 5. Be3 c6 6. Qd2 Qa5 7. h3 Nbd7 8. Bd3
a6 9. O-O b5 10. a3 O-O 11. Bh6 c5 12. Bxg7 Kxg7 13. e5 Ne8 14. Be4 Ra7 15.
exd6 Nxd6 16. dxc5 Nxe4 17. Nxe4 Qxd2 18. Nfxd2 f5 19. Ng5 Nxc5 20. Rfe1 h6 21.
Ngf3 Rc7 22. b3 Kf6 23. Re3 Ne6 24. c4 bxc4 25. Nxc4 Bb7 26. Rae1 Nf4 27. Kh2
g5 28. g3 Ng6 29. Nfe5 Nxe5 30. Rxe5 Re8 31. Nd6 Rd8 32. Re6+ Kg7 33. Nxf5+ Kf8
34. Nxh6 Rd2 35. Kg1 Rcc2 36. Rg6 Bd5 37. Ng4 Bxb3 38. Rxg5 Ra2 39. Rf5+ Ke8
40. Nf6+ Kd8 41. Ne4 Rd4 42. Rf8+ Kc7 43. Nc5 Bd5 44. Nxa6+ Kb6 45. Nb4 Rxa3
46. Nc2 Rad3 47. Nxd4 Rxd4 48. Rf4 Rd3 49. h4 e5 50. Rf6+ Kc5 51. Rf5 e4 52. h5
e3 53. Rxd5+ Rxd5 54. Rxe3 Rxh5 55. Kg2 Kd5 1-0

[Event "SR 2. liga A 2005/2006"]
[Site "?"]
[Date "2005.11.27"]
[Round "24.6"]
[White "Kucera, Michal"]
[Black "Vagovsky, Jozef"]
[Result "0-1"]
[WhiteElo "1988"]
[BlackElo "1839"]
[PlyCount "73"]
[EventDate "2005.??.??"]

1. e4 e6 2. d4 d5 3. Nd2 dxe4 4. Nxe4 Nd7 5. Nf3 Ngf6 6. Nxf6+ Nxf6 7. Bd3 Be7
8. Bg5 a6 9. Qe2 c5 10. O-O cxd4 11. Rad1 Qb6 12. c3 dxc3 13. bxc3 Nd5 14. Bxe7
Nxe7 15. Be4 Qc7 16. Rd2 Bd7 17. Rfd1 Ba4 18. Rb1 Bc6 19. Rdb2 Rb8 20. Nd4 O-O
21. Nxc6 Nxc6 22. Qf3 Na5 23. Rb6 Rbc8 24. R6b4 b5 25. Bxh7+ Kxh7 26. Qh5+ Kg8
27. Rh4 f6 28. Re1 Qxc3 29. Qh7+ Kf7 30. Qh5+ Ke7 31. Rhe4 e5 32. Qg6 Rf7 33.
f4 Qc5+ 34. Kh1 Nc4 35. fxe5 Nxe5 36. h3 Rc6 37. Qh5 0-1

[Event "SR 2. liga A 2005/2006"]
[Site "?"]
[Date "2005.11.27"]
[Round "24.7"]
[White "Sturdik, Igor"]
[Black "Tomanek, Rafael"]
[Result "1-0"]
[WhiteElo "2028"]
[BlackElo "2000"]
[PlyCount "41"]
[EventDate "2005.??.??"]

1. e4 Nf6 2. e5 Nd5 3. d4 d6 4. c4 Nb6 5. f4 dxe5 6. fxe5 Nc6 7. Be3 Bf5 8. Nc3
e6 9. Nf3 Be7 10. d5 Nb4 11. Rc1 O-O 12. a3 Na6 13. b4 f6 14. d6 cxd6 15. exd6
Bxd6 16. c5 Nc8 17. cxd6 Nxd6 18. Bxa6 bxa6 19. Bc5 Ne4 20. Nxe4 Qxd1+ 21. Rxd1
1-0

[Event "SR 2. liga A 2005/2006"]
[Site "?"]
[Date "2005.11.27"]
[Round "24.8"]
[White "Priam, Stefan"]
[Black "Lukac, Tomas"]
[Result "0-1"]
[WhiteElo "1887"]
[BlackElo "1798"]
[PlyCount "92"]
[EventDate "2005.??.??"]

1. d4 Nf6 2. c4 e6 3. Bg5 Be7 4. Nf3 O-O 5. e3 d5 6. Nc3 h6 7. Bh4 b6 8. cxd5
Nxd5 9. Bxe7 Qxe7 10. e4 Nf6 11. Bd3 Rd8 12. Qc2 Na6 13. a3 c5 14. Nb5 Bb7 15.
e5 Ne8 16. Qe2 cxd4 17. Nd6 Nc5 18. Nxb7 Nxd3+ 19. Qxd3 Qxb7 20. O-O Rd7 21.
Rfd1 Rad8 22. Rac1 g6 23. Rc4 Ng7 24. g4 h5 25. h3 hxg4 26. hxg4 Ne8 27. Ng5
Nc7 28. Qh3 Nd5 29. Qh7+ Kf8 30. Qh6+ Kg8 31. Nh7 f5 32. Nf6+ Nxf6 33. exf6 Rh7
34. Qxg6+ Kh8 35. Kf1 Qf3 36. Qxh7+ Kxh7 37. Rcxd4 Rxd4 38. Rxd4 Kg6 39. g5
Kxg5 40. f7 Qh1+ 41. Ke2 Qh5+ 42. f3 Qxf7 43. Ke3 e5 44. Rd3 Qa2 45. Rd2 Qb3+
46. Kf2 Kf4 0-1

[Event "SR 2. liga A 2005/2006"]
[Site "?"]
[Date "2005.12.17"]
[Round "25.1"]
[White "Machalova, Veronika"]
[Black "Skreno, Vladimir"]
[Result "1/2-1/2"]
[WhiteElo "2211"]
[BlackElo "2192"]
[PlyCount "23"]
[EventDate "2005.??.??"]

1. e4 c5 2. Nf3 Nc6 3. d4 cxd4 4. Nxd4 e5 5. Nb5 a6 6. Nd6+ Bxd6 7. Qxd6 Qf6 8.
Qd1 Qg6 9. f3 Nge7 10. Be3 d5 11. Nd2 O-O 12. g3 1/2-1/2

[Event "SR 2. liga A 2005/2006"]
[Site "?"]
[Date "2005.12.17"]
[Round "25.2"]
[White "Bisco, Igor"]
[Black "Machalova, Maria"]
[Result "1/2-1/2"]
[WhiteElo "2110"]
[BlackElo "2140"]
[PlyCount "41"]
[EventDate "2005.??.??"]

1. e4 c5 2. Nf3 Nc6 3. d4 cxd4 4. Nxd4 g6 5. Nc3 Bg7 6. Be3 Nf6 7. Bc4 O-O 8.
Bb3 a5 9. a3 a4 10. Ba2 d6 11. h3 Bd7 12. O-O Nxd4 13. Bxd4 Bc6 14. Qd3 Qa5 15.
Rad1 Rac8 16. Rfe1 Rfe8 17. e5 dxe5 18. Rxe5 Qc7 19. Qe3 Rcd8 20. Re1 Rd7 21.
Bb6 1/2-1/2

[Event "SR 2. liga A 2005/2006"]
[Site "?"]
[Date "2005.12.17"]
[Round "25.4"]
[White "Kisonova, Katarina"]
[Black "Kleman, Miroslav"]
[Result "1/2-1/2"]
[WhiteElo "2146"]
[BlackElo "2177"]
[PlyCount "22"]
[EventDate "2005.??.??"]

1. e4 e5 2. Bc4 Nf6 3. d3 d6 4. Nf3 Be6 5. Nbd2 Be7 6. O-O O-O 7. Re1 c5 8. c3
Nc6 9. Nf1 a6 10. Ng3 b5 11. Bb3 Na5 1/2-1/2

[Event "SR 2. liga A 2005/2006"]
[Site "?"]
[Date "2005.12.17"]
[Round "25.5"]
[White "Machalova, Erika"]
[Black "Gajarsky, Roman"]
[Result "0-1"]
[WhiteElo "2062"]
[BlackElo "2052"]
[PlyCount "100"]
[EventDate "2005.??.??"]

1. d4 d5 2. c4 c6 3. e3 f5 4. Nf3 Nf6 5. Be2 e6 6. O-O Be7 7. Ne5 O-O 8. Nd2
Nbd7 9. Ndf3 Ne4 10. Bd2 Nxd2 11. Qxd2 Bd6 12. Rfd1 Nxe5 13. Nxe5 Bxe5 14. dxe5
b6 15. b4 Bb7 16. f4 Qe7 17. Rac1 g5 18. Rc2 Rfd8 19. Qc3 Rac8 20. Qb2 c5 21.
cxd5 Rxd5 22. Rxd5 Bxd5 23. Qc1 g4 24. Bd3 c4 25. a3 b5 26. Qe1 Qb7 27. Bf1 Qb6
28. Rc3 Qd8 29. Rc1 Rc7 30. Be2 h5 31. Rc3 Rg7 32. a4 a6 33. axb5 axb5 34. Ra3
h4 35. Bf1 g3 36. h3 Qb6 37. Qa1 Kh7 38. Qd1 Kh6 39. Qa1 Rd7 40. Kh1 Qd8 41.
Be2 Qe7 42. Qb2 Ra7 43. Kg1 Qb7 44. Bf1 Rxa3 45. Qxa3 Qa8 46. Qb2 Qa4 47. Qd2
Qb3 48. e4 c3 49. Qd4 Qb2 50. Bd3 fxe4 0-1

[Event "SR 2. liga A 2005/2006"]
[Site "?"]
[Date "2005.12.17"]
[Round "25.6"]
[White "Slamena, Michal"]
[Black "Varga, David"]
[Result "0-1"]
[WhiteElo "2063"]
[BlackElo "2072"]
[PlyCount "96"]
[EventDate "2005.??.??"]

1. e4 e6 2. d4 d5 3. exd5 exd5 4. Bd3 Nf6 5. Nf3 Bd6 6. Qe2+ Qe7 7. Qxe7+ Kxe7
8. Nc3 Nc6 9. Bg5 Be6 10. O-O-O h6 11. Bh4 g5 12. Bg3 Bxg3 13. hxg3 g4 14. Nh4
Nxd4 15. Rhe1 Kd6 16. Ba6 Nxc2 17. Nb5+ Kc6 18. Kxc2 bxa6 19. Nd4+ Kd7 20. Nxe6
fxe6 21. Ng6 Rhg8 22. Nf4 Rae8 23. Re3 c6 24. Ra3 e5 25. Nd3 Kd6 26. Rxa6 Re7
27. b4 Rb8 28. f3 Rb6 29. Ra5 d4 30. f4 e4 31. Ne5 d3+ 32. Kb3 Nd5 33. a3 Rxe5
34. fxe5+ Kxe5 35. Rc5 a5 36. Rxa5 Kd4 37. Rc5 Ne3 38. Rd2 Nf1 39. Rc4+ Ke3 40.
Rd1 Nxg3 41. Re1+ Kf2 42. Rexe4 Nxe4 43. Rxe4 g3 44. Kc3 Ra6 45. Kxd3 Rxa3+ 46.
Kd4 Kxg2 47. Rh4 Kf2 48. Rxh6 g2 0-1

[Event "SR 2. liga A 2005/2006"]
[Site "?"]
[Date "2005.12.17"]
[Round "25.7"]
[White "Antol, Ladislav"]
[Black "Peska, Juraj"]
[Result "1-0"]
[WhiteElo "2046"]
[BlackElo "2020"]
[PlyCount "81"]
[EventDate "2005.??.??"]

1. e4 c5 2. Nf3 Nc6 3. d4 cxd4 4. Nxd4 Nf6 5. Nc3 d6 6. Be2 g6 7. Be3 Bg7 8. f3
Bd7 9. Qd2 O-O 10. O-O-O a6 11. h4 b5 12. g4 b4 13. Nd5 Nxd5 14. exd5 Nxd4 15.
Bxd4 Qa5 16. Bxg7 Kxg7 17. Kb1 h6 18. Qe3 Bb5 19. g5 hxg5 20. hxg5 Bxe2 21.
Qxe7 Qd8 22. Qxe2 Qxg5 23. Qh2 Rh8 24. Qxd6 Rxh1 25. Rxh1 Rd8 26. Qxb4 Qxd5 27.
Qc3+ f6 28. a3 g5 29. Qc7+ Rd7 30. Qh2 Qf5 31. Qh8+ Kf7 32. Rh7+ Ke6 33. Qe8+
Kd6 34. Rxd7+ Qxd7 35. Qxd7+ Kxd7 36. c4 Kd6 37. b4 f5 38. Kc2 Ke5 39. b5 g4
40. fxg4 fxg4 41. Kd2 1-0

[Event "SR 2. liga A 2005/2006"]
[Site "?"]
[Date "2005.12.17"]
[Round "25.8"]
[White "Hertel, Ondrej"]
[Black "Helbich, Branislav"]
[Result "1/2-1/2"]
[WhiteElo "1960"]
[BlackElo "2070"]
[PlyCount "74"]
[EventDate "2005.??.??"]

1. d4 d5 2. c4 c6 3. Nf3 Nf6 4. Nc3 e6 5. Bg5 Be7 6. e3 O-O 7. Bd3 Nbd7 8. O-O
h6 9. Bh4 Re8 10. Rc1 Nf8 11. Ne5 N6d7 12. Bxe7 Qxe7 13. Qe2 Nxe5 14. dxe5 Nd7
15. f4 f6 16. exf6 Nxf6 17. Bg6 Rf8 18. Rfd1 b6 19. cxd5 exd5 20. h3 Bb7 21. e4
Nxe4 22. Nxe4 dxe4 23. Qxe4 Qxe4 24. Bxe4 Rac8 25. Rd7 Rf7 26. Rcd1 Rc7 27.
Rxc7 Rxc7 28. Bg6 Kf8 29. Re1 Rc8 30. Rd1 Ke7 31. Bf5 Rc7 32. Be4 Bc8 33. Kf2
Be6 34. a3 c5 35. Rd2 a5 36. Re2 Kf6 37. Rd2 Ke7 1/2-1/2

[Event "SR 2. liga A 2005/2006"]
[Site "?"]
[Date "2005.12.17"]
[Round "26.1"]
[White "Petrik, Stanislav"]
[Black "Vlcek, Stanislav"]
[Result "1-0"]
[WhiteElo "2246"]
[BlackElo "2238"]
[PlyCount "79"]
[EventDate "2005.??.??"]

1. e4 c5 2. Nf3 d6 3. Bb5+ Bd7 4. Bxd7+ Qxd7 5. O-O Nc6 6. c3 Nf6 7. Qe2 e6 8.
d4 cxd4 9. cxd4 d5 10. e5 Ne4 11. Nbd2 Nxd2 12. Bxd2 Be7 13. h4 h6 14. a3 a6
15. Rfc1 O-O 16. Rc2 Rfc8 17. Rac1 Na7 18. Ba5 Rxc2 19. Rxc2 Qa4 20. Qd2 Rc8
21. Rxc8+ Nxc8 22. g3 Na7 23. Bb6 Nc6 24. Bc7 Qc4 25. Kg2 Nxd4 26. Qxd4 Qxc7
27. Qa7 Bc5 28. Qa8+ Kh7 29. Qe8 Qe7 30. Qc8 Bb6 31. b4 Qc7 32. Qe8 d4 33. g4
d3 34. g5 h5 35. a4 Qc2 36. Qxf7 Qxf2+ 37. Kh3 Qf1+ 38. Kh2 Bg1+ 39. Kg3 Qf2+
40. Kh3 {time} 1-0

[Event "SR 2. liga A 2005/2006"]
[Site "?"]
[Date "2005.12.17"]
[Round "26.2"]
[White "Duriga, Stefan"]
[Black "Biro, Karol"]
[Result "1/2-1/2"]
[WhiteElo "2263"]
[BlackElo "2172"]
[PlyCount "59"]
[EventDate "2005.??.??"]

1. d4 d5 2. c4 e6 3. Nc3 Nf6 4. Bg5 Be7 5. e3 Ne4 6. Bxe7 Qxe7 7. Rc1 Nxc3 8.
bxc3 O-O 9. Nf3 Nd7 10. Qb3 c6 11. Be2 dxc4 12. Bxc4 e5 13. O-O e4 14. Nd2 Nf6
15. Qb4 Qc7 16. a4 Ng4 17. g3 Nf6 18. Rb1 b6 19. Rfc1 Bh3 20. Ba6 h5 21. Nc4
Rad8 22. a5 Nd5 23. Qa3 h4 24. Nd2 hxg3 25. hxg3 Nxe3 26. Nxe4 Rfe8 27. Bd3 Bf5
28. axb6 axb6 29. Re1 Bxe4 30. Rxe3 1/2-1/2

[Event "SR 2. liga A 2005/2006"]
[Site "?"]
[Date "2005.12.17"]
[Round "26.3"]
[White "Krajnak, Robert"]
[Black "Petrik, Karol"]
[Result "1-0"]
[WhiteElo "2089"]
[BlackElo "2230"]
[PlyCount "101"]
[EventDate "2005.??.??"]

1. c4 Nf6 2. Nc3 d6 3. g3 g6 4. Bg2 Bg7 5. Nf3 O-O 6. O-O Nc6 7. Rb1 a6 8. b4
Be6 9. d3 b5 10. Ng5 Bd7 11. a4 Rb8 12. cxb5 axb5 13. a5 Qc8 14. Re1 Qa6 15. d4
Qa7 16. Nf3 Ng4 17. e3 e5 18. d5 Ne7 19. h3 Nf6 20. e4 Ne8 21. Be3 Qb7 22. Qd2
c6 23. Rbd1 cxd5 24. Nxd5 Nxd5 25. exd5 Nf6 26. Ng5 Rfc8 27. Kh2 h6 28. Ne4
Nxe4 29. Bxe4 Kh7 30. Rc1 f5 31. Bg2 g5 32. Rxc8 Rxc8 33. Rc1 Rxc1 34. Qxc1 e4
35. Qd2 Kg6 36. Qa2 Qa6 37. Bb6 Be5 38. Bf1 Bc3 39. Qb3 Be5 40. Qc2 Kf7 41. Qc7
Qc8 42. Qxc8 Bxc8 43. Bxb5 Bc3 44. a6 Bxa6 45. Bxa6 Bxb4 46. Bd4 h5 47. Bc8 Kg6
48. g4 hxg4 49. hxg4 fxg4 50. Kg3 Bd2 51. Kxg4 1-0

[Event "SR 2. liga A 2005/2006"]
[Site "?"]
[Date "2005.12.17"]
[Round "26.4"]
[White "Petreje, Juraj"]
[Black "Farkas, Vladimir"]
[Result "1-0"]
[WhiteElo "2181"]
[BlackElo "2061"]
[PlyCount "63"]
[EventDate "2005.??.??"]

1. Nf3 Nf6 2. g3 d6 3. Bg2 g6 4. O-O Bg7 5. d4 O-O 6. Qd3 c6 7. e4 Qc7 8. Nbd2
Nbd7 9. a4 e5 10. c3 a5 11. Re1 Re8 12. b3 Nb6 13. Ba3 c5 14. Rad1 Bd7 15. h3
Rad8 16. Bf1 Bf8 17. Qe3 Qc8 18. Kh2 Qc7 19. dxe5 dxe5 20. c4 Bc6 21. Bxc5 Bxc5
22. Qxc5 Nbd7 23. Qe3 b6 24. Qh6 Nc5 25. Ng5 Rd4 26. Ngf3 Ncxe4 27. Nxd4 exd4
28. Nxe4 Nxe4 29. Rxd4 Qe5 30. Qe3 Qf6 31. Bg2 Ng5 32. Qf4 1-0

[Event "SR 2. liga A 2005/2006"]
[Site "?"]
[Date "2005.12.17"]
[Round "26.5"]
[White "Goga, Frantisek"]
[Black "Bronis, Marian"]
[Result "0-1"]
[WhiteElo "2002"]
[BlackElo "2133"]
[PlyCount "38"]
[EventDate "2005.??.??"]

1. e4 c5 2. Nf3 e6 3. c3 d5 4. exd5 exd5 5. Bb5+ Nc6 6. O-O Bd6 7. d4 Nge7 8.
Nbd2 c4 9. Ne5 O-O 10. Nxc6 bxc6 11. Ba4 c5 12. dxc5 Bxc5 13. Nf3 Bg4 14. h3
Bf5 15. Bc2 Qd6 16. Bxf5 Nxf5 17. Kh1 Rfe8 18. Qc2 Qg6 19. Bf4 Ng3+ 0-1

[Event "SR 2. liga A 2005/2006"]
[Site "?"]
[Date "2005.12.17"]
[Round "26.6"]
[White "Kebis, Milos"]
[Black "Raczko, Peter"]
[Result "1/2-1/2"]
[WhiteElo "2054"]
[BlackElo "2041"]
[PlyCount "71"]
[EventDate "2005.??.??"]

1. d4 d5 2. Nf3 Nf6 3. c4 e6 4. Nc3 Be7 5. Bg5 O-O 6. Rc1 c6 7. e3 Nbd7 8. Bd3
dxc4 9. Bxc4 Nd5 10. Bxe7 Qxe7 11. O-O Nxc3 12. Rxc3 e5 13. d5 cxd5 14. Qxd5 e4
15. Nd2 Nf6 16. Qa5 b6 17. Qg5 Qb4 18. Nb3 a5 19. a3 Qd6 20. Nd4 h6 21. Qh4 Bd7
22. h3 Kh7 23. Qg3 Qxg3 24. fxg3 Rac8 25. g4 Kg6 26. Kh2 h5 27. gxh5+ Nxh5 28.
g4 Nf6 29. Kg3 Rc5 30. Rf4 Rfc8 31. Be2 Rxc3 32. bxc3 Rxc3 33. h4 Rxe3+ 34. Kf2
Rxa3 35. g5 e3+ 36. Kf3 1/2-1/2